00797nam a2200241Ia 4500008004100000020001500041050001100056050001500067100002500082245004100107245006000148260001400208260003800222260000900260300001600269300002100285300001100306440003200317650004400349700002800393999001900421952011500440160319s9999 xx 000 0 und d a9716300190 a634.09 bB933f 1994 aBulalacao, Lolita J. 2aA first look at Philippine fruits /  cby Lolita J. Bulalacao ; pictures by Crispin Dayao, Jr. aManila :  bTahanan Books for Young Readers,  c1994 a24 pages :  billustrations ;  c21 cm. aA First look at ... Series. aFruit -- Philippines -- Identification. aDayao, Crispin., author c292148d292148 001040aSSISBbSSISBcFILd2016-03-19l0oFil 634.09 B933f 1994pLS 1152r2016-03-19 00:00:00w2016-03-19yBK